Handbook of international economics
Furkejuvvon:
| Váldodahkkit: | , , , |
|---|---|
| Materiálatiipa: | Girji |
| Giella: | eaŋgalasgiella |
| Almmustuhtton: |
Amsterdam
Elsevier
1988
|
| Ráidu: | Handbooks in Economics, 3
|
| Fáttát: | |
| Fáddágilkorat: |
Lasit fáddágilkoriid
Eai fáddágilkorat, Lasit vuosttaš fáddágilkora!
|
MARC
| LEADER | 00000nam a2200000 a 4500 | ||
|---|---|---|---|
| 001 | UCK1900 | ||
| 003 | CL-VaPUC | ||
| 008 | 041210e19880000NE |||||||||||||||||eng|d | ||
| 020 | |a 0444704221 | ||
| 082 | 0 | 4 | |a 337 |b JON |2 21 |
| 100 | |a Jones, Ronald W |e author |9 489784 | ||
| 700 | |a Kenen, Peter B |e author |9 489785 | ||
| 700 | 0 | |a Grossman, Gene M |e author |9 489786 | |
| 700 | 0 | |a Rogoff, Kenneth |e author |9 489787 | |
| 245 | 1 | 0 | |a Handbook of international economics |
| 300 | |a v | ||
| 942 | |c BK | ||
| 945 | |d 20041210 00:00:00 |a cmena | ||
| 260 | |a Amsterdam |b Elsevier |c 1988 | ||
| 500 | |a v.1: International trade | ||
| 650 | 0 | |a Economía internacional |9 258254 | |
| 650 | 0 | |a Macroeconomía |9 260301 | |
| 650 | 7 | |a COMERCIO INTERNACIONAL |2 CL-VaPUC |9 489788 | |
| 650 | 0 | |a Tratados internacionales |9 256056 | |
| 583 | |a last modification |c 20041210 00:00:00 |k Rodrigo Vera | ||
| 490 | 0 | |a Handbooks in Economics, 3 | |
| 999 | |c 311671 |d 311669 | ||
| 952 | |0 0 |1 0 |4 0 |6 337_000000000000000_JON_1988 |7 0 |8 A |9 381215 |a BIBENE |b BIBENE |d 2019-11-21 |h v.1 |i 4085175 |o 337 JON 1988 |p 4085175 |r 2025-01-15 |w 2019-11-21 |y BK |k ICO | ||
| 952 | |0 0 |1 0 |4 0 |6 337_000000000000000_JON_1988 |7 0 |8 A |9 381216 |a BIBENE |b BIBENE |d 2019-11-21 |h v.3 |i 4085183 |o 337 JON 1988 |p 4085183 |r 2025-01-15 |w 2019-11-21 |y BK |k ICO | ||